Shakespeare's Prose (Record no. 17801)
[ view plain ]
| 000 -LEADER | |
|---|---|
| fixed length control field | 00352nam a22001457a 4500 |
| 003 - CONTROL NUMBER IDENTIFIER | |
| control field | OSt |
| 008 - FIXED-LENGTH DATA ELEMENTS--GENERAL INFORMATION | |
| fixed length control field | 231114b |||||||| |||| 00| 0 eng d |
| 041 ## - LANGUAGE CODE | |
| Language code of text/sound track or separate title | eng |
| 082 ## - DEWEY DECIMAL CLASSIFICATION NUMBER | |
| Classification number | 828.09 |
| Item number | CRA / S |
| 100 ## - MAIN ENTRY--AUTHOR NAME | |
| Personal name | Crane, Milton |
| 245 ## - TITLE STATEMENT | |
| Title | Shakespeare's Prose |
| 260 ## - PUBLICATION, DISTRIBUTION, ETC. (IMPRINT) | |
| Place of publication | Chicago: |
| Name of publisher | University of Chicago Press, |
| Year of publication | 1951. |
| 300 ## - PHYSICAL DESCRIPTION | |
| Number of Pages | 220p. |
| 942 ## - ADDED ENTRY ELEMENTS (KOHA) | |
| Koha item type | Books |
| Withdrawn status | Lost status | Damaged status | Home library | Current library | Shelving location | Date acquired | Full call number | Accession Number | Koha item type |
|---|---|---|---|---|---|---|---|---|---|
| Withdrawn | KAUAET | Sanskrit University | General Stacks | 14/11/2023 | 828.09 CRA / S | 11690 | Books |
